[Event "FRA-chT Top 12"]
[Site "Mulhouse"]
[Date "2011.06.04"]
[Round "10.8"]
[White "Le Diouron, Aurelie"]
[Black "Wilson, Alexandra"]
[Result "0-1"]
[WhiteElo "1981"]
[BlackElo "2021"]
[PlyCount "44"]
[EventDate "2011.05.26"]
[EventType "team-tourn"]
[EventRounds "11"]
[EventCountry "FRA"]
[SourceTitle "CBM 142 Extra"]
[Source "ChessBase"]
[SourceDate "2011.06.27"]
[SourceVersion "1"]
[SourceVersionDate "2011.06.27"]
[SourceQuality "1"]
[WhiteTeam "Guingamp"]
[BlackTeam "De Rueil Malmaison"]
[WhiteTeamCountry "FRA"]
[BlackTeamCountry "FRA"]

1. e4 e6 2. d4 d5 3. Nc3 Bb4 4. e5 c5 5. a3 Bxc3+ 6. bxc3 Ne7 7. h4 Qc7 8. h5 Nbc6 9. h6 gxh6 10. Nf3 Bd7 11. Rxh6 cxd4 12. cxd4 Nf5 13. Rh3 Rg8 14. Bb2 Rg4 15. Nd2 Rxd4 16. Bxd4 Ncxd4 17. c3 Qxe5+ 18. Be2 Nb5 19. Rxh7 Nxc3 20. Nf3 Qf6 21. Qc1 Nxe2 22. Kxe2 Rc8 0-1

[Event "FRA-chT Top 12"]
[Site "Mulhouse"]
[Date "2011.06.02"]
[Round "8.8"]
[White "Wilson, Alexandra"]
[Black "Steil Antoni, Fiona"]
[Result "0-1"]
[WhiteElo "2021"]
[BlackElo "2093"]
[PlyCount "58"]
[EventDate "2011.05.26"]
[EventType "team-tourn"]
[EventRounds "11"]
[EventCountry "FRA"]
[SourceTitle "CBM 142 Extra"]
[Source "ChessBase"]
[SourceDate "2011.06.27"]
[SourceVersion "1"]
[SourceVersionDate "2011.06.27"]
[SourceQuality "1"]
[WhiteTeam "De Rueil Malmaison"]
[BlackTeam "Vandoeuvre"]
[WhiteTeamCountry "FRA"]
[BlackTeamCountry "FRA"]

1. e4 e5 2. f4 Bc5 3. Nc3 Bxg1 4. Rxg1 exf4 5. Qh5 d6 6. Bc4 g6 7. Qf3 Qh4+ 8. Kf1 Nf6 9. d4 g5 10. h3 Nc6 11. Ne2 0-0 12. Bd2 Re8 13. Bd3 Qh5 14. g4 Qh6 15. c3 Bd7 16. Ke1 Re7 17. Nxf4 Qh4+ 18. Kd1 gxf4 19. Bxf4 Rae8 20. Bg3 Qg5 21. Bf4 Qg7 22. Bh6 Qxh6 23. g5 Qg7 24. gxf6 Qxg1+ 25. Kc2 Qh2+ 26. Kb3 Na5+ 27. Ka3 Rxe4 28. Bxe4 Nc4+ 29. Kb4 Qxb2+ 0-1

[Event "FRA-chT Top 12"]
[Site "Mulhouse"]
[Date "2011.05.31"]
[Round "6.8"]
[White "Skripchenko, Almira"]
[Black "Wilson, Alexandra"]
[Result "1-0"]
[WhiteElo "2462"]
[BlackElo "2021"]
[PlyCount "73"]
[EventDate "2011.05.26"]
[EventType "team-tourn"]
[EventRounds "11"]
[EventCountry "FRA"]
[SourceTitle "CBM 142 Extra"]
[Source "ChessBase"]
[SourceDate "2011.06.27"]
[SourceVersion "1"]
[SourceVersionDate "2011.06.27"]
[SourceQuality "1"]
[WhiteTeam "Clichy Echecs 92"]
[BlackTeam "De Rueil Malmaison"]
[WhiteTeamCountry "FRA"]
[BlackTeamCountry "FRA"]

1. e4 e6 2. d3 c5 3. Nf3 Nc6 4. g3 Nge7 5. h4 h6 6. h5 d5 7. Nc3 d4 8. Ne2 e5 9. Bg2 Be6 10. Nd2 g5 11. hxg6 fxg6 12. f4 Bg7 13. Nc4 b5 14. Nxe5 Nxe5 15. fxe5 g5 16. c3 Bxe5 17. cxd4 cxd4 18. 0-0 Qd6 19. Qe1 Nc6 20. Bd2 a5 21. a3 Kd7 22. Rc1 b4 23. axb4 Nxb4 24. Qd1 a4 25. Be1 h5 26. Qd2 Nc6 27. Rf5 Bxf5 28. exf5 Rac8 29. Qd1 h4 30. Qxa4 hxg3 31. Rxc6 Rxc6 32. Nxg3 Bxg3 33. Bxg3 Ra8 34. Qxa8 Rc1+ 35. Kf2 Rc2+ 36. Kf3 Rc6 37. Bxd6 1-0

[Event "FRA-chT Top 12"]
[Site "Mulhouse"]
[Date "2011.05.30"]
[Round "5"]
[White "Wilson, Alexandra"]
[Black "Alexieva, Silvia"]
[Result "0-1"]
[WhiteElo "2021"]
[BlackElo "2315"]
[PlyCount "54"]
[EventDate "2011.05.26"]
[EventType "team-tourn"]
[EventRounds "11"]
[EventCountry "FRA"]
[SourceTitle "CBM 142 Extra"]
[Source "ChessBase"]
[SourceDate "2011.06.27"]
[SourceVersion "1"]
[SourceVersionDate "2011.06.27"]
[SourceQuality "1"]
[WhiteTeam "De Rueil Malmaison"]
[BlackTeam "Metz Fischer"]
[WhiteTeamCountry "FRA"]
[BlackTeamCountry "FRA"]

1. e4 c5 2. Nc3 e6 3. f4 Nc6 4. Nf3 Nge7 5. Be2 d5 6. d3 b6 7. 0-0 d4 8. Nb1 g6 9. Qe1 f5 10. Nbd2 Bg7 11. Nc4 0-0 12. Bd1 Qc7 13. exf5 exf5 14. Ng5 Rf6 15. Ne5 h6 16. Nxc6 Nxc6 17. Nf3 Re6 18. Qh4 Ba6 19. Ne5 Nxe5 20. fxe5 g5 21. Qh5 Rxe5 22. h4 f4 23. hxg5 hxg5 24. c3 dxc3 25. Bb3+ c4 26. dxc4 Qc5+ 27. Kh1 g4 0-1

[Event "BCF-chT2 1011 (4NCL)"]
[Site "England"]
[Date "2011.05.02"]
[Round "11.48"]
[White "Wilson, Alexandra"]
[Black "Taylor, Adam A"]
[Result "0-1"]
[WhiteElo "2042"]
[BlackElo "1821"]
[PlyCount "62"]
[EventDate "2010.11.06"]
[EventType "team-swiss"]
[EventRounds "11"]
[EventCountry "ENG"]
[SourceTitle "EXT 2012"]
[Source "ChessBase"]
[SourceDate "2011.11.24"]
[SourceVersion "1"]
[SourceVersionDate "2011.11.24"]
[SourceQuality "1"]
[WhiteTeam "Jutes of Kent"]
[BlackTeam "Guildford A&DC II"]
[WhiteTeamCountry "ENG"]
[BlackTeamCountry "ENG"]

1. e4 c5 2. Nc3 Nc6 3. f4 e6 4. Nf3 d5 5. d3 d4 6. Nb1 f5 7. Nbd2 Bd6 8. Nc4 Bc7 9. a4 b6 10. g3 Bb7 11. Bg2 a6 12. 0-0 b5 13. axb5 axb5 14. Rxa8 Bxa8 15. Ncd2 Nge7 16. Ng5 Qd6 17. exf5 exf5 18. Re1 0-0 19. Re6 Qd7 20. Qe1 h6 21. Ngf3 Nd5 22. Nb3 Bb6 23. Re2 c4 24. Na1 Ncb4 25. Ne5 Qd6 26. Kf1 Na2 27. dxc4 Nxc1 28. Qxc1 Ne3+ 29. Rxe3 Bxg2+ 30. Kxg2 dxe3 31. c5 Qd2+ 0-1

[Event "Bunratty Masters op 18th"]
[Site "Bunratty"]
[Date "2011.02.27"]
[Round "5"]
[White "Magee, Ronan"]
[Black "Wilson, Alexandra"]
[Result "1/2-1/2"]
[WhiteElo "1892"]
[BlackElo "2037"]
[PlyCount "94"]
[EventDate "2011.02.25"]
[EventType "swiss"]
[EventRounds "6"]
[EventCountry "IRL"]
[SourceTitle "CBM 141 Extra"]
[Source "ChessBase"]
[SourceDate "2011.05.03"]
[SourceVersion "1"]
[SourceVersionDate "2011.05.03"]
[SourceQuality "1"]

1. e4 e6 2. d4 d5 3. Nc3 Bb4 4. e5 c5 5. a3 Bxc3+ 6. bxc3 Ne7 7. Nf3 Nbc6 8. Bd3 Bd7 9. 0-0 Nf5 10. Bxf5 exf5 11. Bg5 Qa5 12. Bd2 Qc7 13. c4 Be6 14. cxd5 Bxd5 15. c3 0-0-0 16. Be3 f6 17. exf6 gxf6 18. Nd2 f4 19. Qg4+ Rd7 20. Qxf4 Qxf4 21. Bxf4 cxd4 22. cxd4 Nxd4 23. Rfe1 Rg8 24. g3 Bc6 25. Rac1 h5 26. f3 Kd8 27. Kf2 h4 28. Ne4 hxg3+ 29. hxg3 Bxe4 30. Rxe4 Rh8 31. g4 b6 32. Be3 Nb3 33. Rc3 Nd2 34. Bxd2 Rxd2+ 35. Kg3 Rh7 36. Kf4 Rd5 37. Rec4 Rhd7 38. Rc8+ Ke7 39. Rh8 Rd4+ 40. Ke3 Ke6 41. f4 Ra4 42. Rh6 Re7 43. Kf3 Rf7 44. Rc6+ Kd5 45. Rhxf6 Rxa3+ 46. Kf2 Ra2+ 47. Kg3 Ra3+ 1/2-1/2

[Event "Gibraltar Masters 9th"]
[Site "Caleta"]
[Date "2011.01.28"]
[Round "4"]
[White "Salomon, Johan"]
[Black "Wilson, Alexandra"]
[Result "1-0"]
[WhiteElo "1836"]
[BlackElo "2037"]
[PlyCount "109"]
[EventDate "2011.01.25"]
[EventType "swiss"]
[EventRounds "10"]
[EventCountry "GGB"]
[SourceTitle "CBM 141"]
[Source "ChessBase"]
[SourceDate "2011.03.17"]
[SourceVersion "1"]
[SourceVersionDate "2011.03.17"]
[SourceQuality "1"]

1. e4 e6 2. d4 b6 3. Nf3 Bb7 4. Bd3 Nf6 5. Qe2 Be7 6. 0-0 d6 7. c3 Nbd7 8. Nbd2 c5 9. Re1 e5 10. d5 Nf8 11. Nf1 Bc8 12. Ng3 h5 13. Bb5+ Bd7 14. Nf5 Rg8 15. Bg5 Bxb5 16. Qxb5+ Qd7 17. Qe2 N8h7 18. Bxf6 Bxf6 19. a4 g6 20. Ne3 Be7 21. Nd2 Nf6 22. b4 h4 23. bxc5 dxc5 24. Reb1 Rb8 25. Nec4 Bd6 26. f4 Qe7 27. Nxd6+ Qxd6 28. Nc4 Qe7 29. Nxe5 Rc8 30. a5 bxa5 31. Nc4 Nxd5 32. Qd2 Nb6 33. Nd6+ Kf8 34. Nxc8 Nxc8 35. Rxa5 Kg7 36. Qe3 c4 37. Qd4+ Kh7 38. e5 Nb6 39. Rba1 Ra8 40. Qd2 Qb7 41. Ra6 h3 42. gxh3 Qf3 43. Qd4 Nd5 44. Rf1 Nxc3 45. Rxf3 Ne2+ 46. Kf2 Nxd4 47. Rc3 Rb8 48. Ke3 Nf5+ 49. Ke4 Kg7 50. Rxa7 Rb2 51. Rxc4 Re2+ 52. Kf3 Re3+ 53. Kf2 Rxh3 54. Rcc7 Rxh2+ 55. Kg1 1-0

[Event "Gibraltar Masters 9th"]
[Site "Caleta"]
[Date "2011.01.27"]
[Round "3"]
[White "Wilson, Alexandra"]
[Black "Peek, Marcel"]
[Result "0-1"]
[WhiteElo "2037"]
[BlackElo "2342"]
[PlyCount "110"]
[EventDate "2011.01.25"]
[EventType "swiss"]
[EventRounds "10"]
[EventCountry "GGB"]
[SourceTitle "CBM 141"]
[Source "ChessBase"]
[SourceDate "2011.03.17"]
[SourceVersion "1"]
[SourceVersionDate "2011.03.17"]
[SourceQuality "1"]

1. e4 c5 2. Nc3 Nc6 3. f4 g6 4. Bb5 Nd4 5. Nf3 Bg7 6. 0-0 Nxb5 7. Nxb5 d5 8. d3 a6 9. Nc3 dxe4 10. Nxe4 Nh6 11. Kh1 Qc7 12. Qe1 0-0 13. Nh4 b6 14. Ng3 e6 15. Nf3 Nf5 16. Ne4 Bb7 17. Bd2 Rad8 18. Bc3 Nd4 19. Qh4 f6 20. Nxd4 cxd4 21. Bb4 Rf7 22. Rac1 Bxe4 23. dxe4 Qc4 24. a3 a5 25. Bd2 d3 26. cxd3 Qxd3 27. Bc3 Qxe4 28. Rce1 Qc6 29. Rf3 Rd6 30. Rfe3 f5 31. Bxg7 Kxg7 32. Rh3 Kg8 33. Rc3 Qb7 34. Rce3 Qe7 35. Qf2 Rf8 36. Rb3 Qd8 37. h3 Re8 38. Rb5 Re7 39. Qe3 Kf7 40. Kh2 Red7 41. Re2 Rc6 42. Qf3 Qc7 43. Rbe5 Rdd6 44. g4 Rc2 45. Qb3 Rxe2+ 46. Rxe2 Rd5 47. Kg3 Qd6 48. Qf3 g5 49. gxf5 Rd3 50. Re3 gxf4+ 51. Kh4 Qe7+ 52. Kh5 Rxe3 53. fxe6+ Qxe6 54. Qxf4+ Kg7 55. Qd4+ Qe5+ 0-1

[Event "Gibraltar Masters 9th"]
[Site "Caleta"]
[Date "2011.01.26"]
[Round "2"]
[White "Nuri, Kambez"]
[Black "Wilson, Alexandra"]
[Result "1-0"]
[WhiteElo "2300"]
[BlackElo "2037"]
[PlyCount "75"]
[EventDate "2011.01.25"]
[EventType "swiss"]
[EventRounds "10"]
[EventCountry "GGB"]
[SourceTitle "CBM 141"]
[Source "ChessBase"]
[SourceDate "2011.03.17"]
[SourceVersion "1"]
[SourceVersionDate "2011.03.17"]
[SourceQuality "1"]

1. e4 e6 2. d4 d5 3. Nc3 Bb4 4. e5 Ne7 5. Bd2 b6 6. Nce2 Bxd2+ 7. Qxd2 c5 8. c3 Ba6 9. h4 Nbc6 10. Nf3 Qd7 11. h5 f6 12. h6 fxe5 13. hxg7 Rg8 14. Ng3 Bxf1 15. Nh5 0-0-0 16. Kxf1 Nf5 17. dxe5 Qf7 18. Re1 Nxg7 19. Nf6 Nxe5 20. Nxg8 Nxf3 21. gxf3 Rxg8 22. Rxh7 Qxf3 23. Qe3 Qf5 24. Qh3 Qf7 25. Re3 Rf8 26. Qg2 Qf4 27. Qg3 Qxg3 28. Rxg3 Nf5 29. Rg6 d4 30. Ke2 e5 31. Re6 c4 32. Rc6+ Kb8 33. Rxc4 Nd6 34. Rcc7 d3+ 35. Kxd3 Rxf2 36. Rcd7 e4+ 37. Ke3 Rf3+ 38. Ke2 1-0

[Event "Olympiad Women-39"]
[Site "Khanty-Mansiysk"]
[Date "2010.09.30"]
[Round "9.17"]
[White "Ghader Pour, Shayesteh"]
[Black "Wilson, Alexandra"]
[Result "1/2-1/2"]
[WhiteElo "2206"]
[BlackElo "2047"]
[PlyCount "94"]
[EventDate "2010.09.21"]
[EventType "team-swiss"]
[EventRounds "11"]
[EventCountry "RUS"]
[SourceTitle "CBM 139"]
[Source "ChessBase"]
[SourceDate "2010.11.18"]
[SourceVersion "1"]
[SourceVersionDate "2010.11.18"]
[SourceQuality "1"]
[WhiteTeam "Iran (W)"]
[BlackTeam "Switzerland (W)"]
[WhiteTeamCountry "IRI"]
[BlackTeamCountry "SUI"]

1. e4 e6 2. d4 d5 3. Nd2 Be7 4. Bd3 Nf6 5. e5 Nfd7 6. c3 c5 7. Ne2 b6 8. Nf3 Ba6 9. Bxa6 Nxa6 10. h4 cxd4 11. cxd4 Nb4 12. a3 Nc6 13. Bg5 0-0 14. Qd3 f6 15. exf6 Bxf6 16. 0-0 e5 17. Qb5 Nxd4 18. Qxd5+ Kh8 19. Nexd4 exd4 20. Nxd4 Nc5 21. Qxd8 Raxd8 22. Bxf6 Rxf6 23. Nf3 h6 24. Rad1 Rdf8 25. b4 Na4 26. Rfe1 Kg8 27. h5 g5 28. hxg6 Rxg6 29. Re7 Rxf3 30. Rxa7 Nc3 31. Re1 Nd5 32. Re5 Nc3 33. Rc7 Nd1 34. Re2 Rf7 35. Rxf7 Kxf7 36. Rc2 Re6 37. Kf1 Ke7 38. a4 Re4 39. a5 Rxb4 40. axb6 Rxb6 41. Ke2 Nb2 42. g4 Re6+ 43. Kf3 Nd3 44. Kg3 Kf6 45. Rc3 Rd6 46. f4 Rd4 47. Rc6+ Kg7 1/2-1/2

[Event "Olympiad Women-39"]
[Site "Khanty-Mansiysk"]
[Date "2010.09.28"]
[Round "7.6"]
[White "Wilson, Alexandra"]
[Black "Rakic, Marija"]
[Result "1/2-1/2"]
[WhiteElo "2047"]
[BlackElo "2317"]
[PlyCount "82"]
[EventDate "2010.09.21"]
[EventType "team-swiss"]
[EventRounds "11"]
[EventCountry "RUS"]
[SourceTitle "CBM 139"]
[Source "ChessBase"]
[SourceDate "2010.11.18"]
[SourceVersion "1"]
[SourceVersionDate "2010.11.18"]
[SourceQuality "1"]
[WhiteTeam "Switzerland (W)"]
[BlackTeam "Serbia (W)"]
[WhiteTeamCountry "SUI"]
[BlackTeamCountry "YUG"]

1. e4 g6 2. d4 Bg7 3. Nc3 d6 4. f4 a6 5. Nf3 b5 6. Bd3 Nd7 7. Ne2 Ngf6 8. 0-0 0-0 9. c3 Nb6 10. Ng3 Bg4 11. h3 Bxf3 12. Qxf3 e5 13. fxe5 dxe5 14. Bg5 Nbd7 15. d5 c6 16. c4 cxd5 17. cxd5 Qe7 18. Rac1 Rfc8 19. Kh1 h6 20. Bd2 Ne8 21. a3 Ndf6 22. Bb4 Qd7 23. Bb1 h5 24. Rxc8 Rxc8 25. Qe3 Qc7 26. Qd2 Kh7 27. Ne2 Nd6 28. Rc1 Nc4 29. Qd3 a5 30. Be1 Qd7 31. Rc2 Nd6 32. Rxc8 Qxc8 33. Qf3 Qc4 34. b3 Qc5 35. b4 Qc4 36. bxa5 Nfxe4 37. a6 Nc5 38. a7 Qa4 39. Qxh5+ Kg8 40. Qh4 Qxa7 41. Qd8+ Bf8 1/2-1/2

[Event "BCF-chT1d 0910 (4NCL) Demotion pool"]
[Site "England"]
[Date "2010.05.01"]
[Round "9.8"]
[White "Milson, Amy F"]
[Black "Wilson, Alexandra"]
[Result "0-1"]
[WhiteElo "1602"]
[BlackElo "2065"]
[PlyCount "56"]
[EventDate "2009.10.24"]
[EventType "team-tourn"]
[EventRounds "4"]
[EventCountry "ENG"]
[SourceTitle "EXT 2011"]
[Source "ChessBase"]
[SourceDate "2010.11.26"]
[SourceVersion "1"]
[SourceVersionDate "2010.11.26"]
[SourceQuality "1"]
[WhiteTeam "Pandoras Box"]
[BlackTeam "Jutes of Kent"]
[WhiteTeamCountry "ENG"]
[BlackTeamCountry "ENG"]

1. e4 e6 2. d4 d5 3. exd5 exd5 4. Nc3 c6 5. Bd3 Bd6 6. Nf3 Bg4 7. h3 Bh5 8. g4 Bg6 9. Qe2+ Ne7 10. Bd2 Bxd3 11. Qxd3 Nd7 12. 0-0-0 b5 13. Nb1 Nb6 14. Ba5 Qc8 15. b3 Qa6 16. Qc3 0-0 17. Bb4 Nbc8 18. Bxd6 Nxd6 19. a3 Ne4 20. Qe3 Rae8 21. Kb2 f5 22. Nbd2 f4 23. Qe2 Ng6 24. Nxe4 dxe4 25. Nd2 e3 26. fxe3 fxe3 27. Nf1 Nf4 28. Qf3 Nd3+ 0-1

[Event "BCF-chT1a 0910 (4NCL)"]
[Site "England"]
[Date "2010.02.20"]
[Round "5.7"]
[White "Stanford, Sheila Barth"]
[Black "Wilson, Alexandra"]
[Result "1/2-1/2"]
[WhiteElo "2183"]
[BlackElo "2065"]
[PlyCount "128"]
[EventDate "2009.10.24"]
[EventType "team-tourn"]
[EventRounds "7"]
[EventCountry "ENG"]
[SourceTitle "EXT 2011"]
[Source "ChessBase"]
[SourceDate "2010.11.26"]
[SourceVersion "1"]
[SourceVersionDate "2010.11.26"]
[SourceQuality "1"]
[WhiteTeam "Pride and Prejudice"]
[BlackTeam "Jutes of Kent"]
[WhiteTeamCountry "ENG"]
[BlackTeamCountry "ENG"]

1. e4 e6 2. d4 d5 3. Nc3 Bb4 4. Nge2 dxe4 5. a3 Be7 6. Nxe4 Nf6 7. Qd3 Nbd7 8. N2g3 b6 9. Be3 Bb7 10. 0-0-0 Nxe4 11. Nxe4 Nf6 12. f3 Qd7 13. Be2 0-0-0 14. c4 Kb8 15. Qc2 Qc6 16. Nc3 Ba6 17. Qb3 Rd7 18. Rd2 Rhd8 19. Rhd1 Qb7 20. Qc2 h6 21. b4 Qa8 22. Kb2 Bb7 23. Na2 a5 24. b5 g5 25. Nc3 c6 26. d5 cxd5 27. Bxb6 Rc8 28. Qa4 e5 29. Qxa5 d4 30. Na2 Qxa5 31. Bxa5 g4 32. Bb4 gxf3 33. gxf3 Nh5 34. Bxe7 Rxe7 35. Rc1 Nf4 36. Bd1 Rec7 37. Kb3 Bd5 38. cxd5 Rxc1 39. Nxc1 Rxc1 40. d6 Rc3+ 41. Ka2 d3 42. Ba4 Rc5 43. b6 Kb7 44. Bb3 Rc6 45. Bxf7 Rxd6 46. Bb3 Kxb6 47. a4 Kc5 48. Bd1 Kd4 49. Rb2 Nd5 50. Ka3 Ke3 51. Rb5 Kd4 52. Bb3 Ne3 53. a5 d2 54. Kb4 d1Q 55. Bxd1 Nxd1 56. Rb6 Rd8 57. Rxh6 Ne3 58. Kb5 Kd5 59. a6 Nc4 60. a7 Ra8 61. Ka6 Rf8 62. Kb7 Rf7+ 63. Kb8 Rf8+ 64. Kb7 Rf7+ 1/2-1/2

[Event "Hastings Masters op 85th"]
[Site "Hastings"]
[Date "2010.01.05"]
[Round "9"]
[White "McKenna, Jason P"]
[Black "Wilson, Alexandra"]
[Result "1/2-1/2"]
[WhiteElo "2147"]
[BlackElo "2089"]
[PlyCount "98"]
[EventDate "2009.12.28"]
[EventType "swiss"]
[EventRounds "9"]
[EventCountry "ENG"]
[SourceTitle "CBM 134 Extra"]
[Source "ChessBase"]
[SourceDate "2010.03.03"]
[SourceVersion "1"]
[SourceVersionDate "2010.03.03"]
[SourceQuality "1"]

1. e4 e6 2. d4 d5 3. Nc3 Bb4 4. e5 c5 5. a3 Bxc3+ 6. bxc3 Qc7 7. Qg4 Ne7 8. Qxg7 Rg8 9. Qxh7 cxd4 10. Ne2 dxc3 11. f4 Nbc6 12. Qd3 Nf5 13. Qxc3 d4 14. Qd3 b6 15. Rg1 Qe7 16. g3 Bb7 17. Bg2 0-0-0 18. Be4 Kb8 19. Bd2 f6 20. g4 Ne3 21. exf6 Qxf6 22. g5 Qh8 23. Bxc6 Bxc6 24. Bxe3 dxe3 25. Qc3 Qh4+ 26. Rg3 Qxh2 27. Qxe3 Qh1+ 28. Rg1 Qd5 29. Kf2 Rh8 30. Qe5+ Qxe5 31. fxe5 Rdf8+ 32. Ke3 Rf3+ 33. Kd2 Rd8+ 34. Ke1 Re3 35. Rd1 Rg8 36. Kd2 Rxe5 37. Nd4 Be8 38. Rdf1 Kc7 39. Re1 Kd6 40. Rxe5 Kxe5 41. Ke3 a5 42. c4 Bg6 43. Nf3+ Kd6 44. Rd1+ Ke7 45. Ne5 Be8 46. Kf4 Rf8+ 47. Ke4 Rg8 48. Kf4 Rf8+ 49. Ke4 Rg8 1/2-1/2

[Event "SUI-ch"]
[Site "Graechen"]
[Date "2009.07.16"]
[Round "8"]
[White "Wilson, Alexandra"]
[Black "Klauser, Markus"]
[Result "0-1"]
[WhiteElo "2072"]
[BlackElo "2386"]
[PlyCount "98"]
[EventDate "2009.07.09"]
[EventType "swiss"]
[EventRounds "9"]
[EventCountry "SUI"]
[SourceTitle "CBM 131 Extra"]
[Source "ChessBase"]
[SourceDate "2009.09.03"]
[SourceVersion "2"]
[SourceVersionDate "2009.09.16"]
[SourceQuality "1"]

1. e4 e5 2. Nf3 Nc6 3. Bb5 a6 4. Ba4 Nf6 5. 0-0 Be7 6. Re1 b5 7. Bb3 d6 8. c3 0-0 9. d4 Bg4 10. Be3 exd4 11. cxd4 Na5 12. Bc2 Nc4 13. Bc1 c5 14. b3 Nb6 15. Nbd2 cxd4 16. Bb2 Nfd7 17. h3 Bh5 18. g4 d3 19. Bxd3 Bg6 20. Nf1 Bf6 21. Bxf6 Qxf6 22. Ng3 Ne5 23. Be2 Nxf3+ 24. Bxf3 Rac8 25. Bg2 h6 26. Qd2 Rc5 27. Rad1 d5 28. e5 Qe7 29. Qd4 Qc7 30. Nf5 Bxf5 31. gxf5 Re8 32. Rd3 Nd7 33. f4 f6 34. Bxd5+ Kh8 35. Be6 Nf8 36. exf6 Rxf5 37. Bxf5 Rxe1+ 38. Kf2 Rh1 39. Kg2 Re1 40. Kf2 Rc1 41. Rg3 g6 42. f7+ Kh7 43. Bxg6+ Nxg6 44. Rxg6 Qc2+ 45. Kf3 Rf1+ 46. Kg4 Kxg6 47. f8N+ Kf7 48. Nd7 Qe2+ 49. Kg3 Rf3+ 0-1

[Event "Southend op"]
[Site "Southend"]
[Date "2009.04.11"]
[Round "3"]
[White "Wilson, Alexandra"]
[Black "Lock, Gavin R"]
[Result "1-0"]
[WhiteElo "2040"]
[BlackElo "2212"]
[PlyCount "81"]
[EventDate "2009.04.10"]
[EventType "swiss"]
[EventRounds "7"]
[EventCountry "ENG"]
[SourceTitle "CBM 130 Extra"]
[Source "ChessBase"]
[SourceDate "2009.07.02"]
[SourceVersion "2"]
[SourceVersionDate "2009.07.15"]
[SourceQuality "1"]

1. e4 e6 2. d4 d5 3. e5 c5 4. c3 Qb6 5. Nf3 Nc6 6. a3 Nh6 7. b4 cxd4 8. cxd4 Nf5 9. Be3 g6 10. Bd3 Nxe3 11. fxe3 Bh6 12. Qe2 Bd7 13. 0-0 Ne7 14. g4 a5 15. b5 a4 16. Nc3 Qa5 17. Rac1 0-0 18. g5 Bg7 19. Nd1 Rfc8 20. Nf2 Rc3 21. Rxc3 Qxc3 22. Ng4 Qxa3 23. Nf6+ Bxf6 24. exf6 Nf5 25. Ne5 Be8 26. Bxf5 exf5 27. Qf3 Qd6 28. Qf4 a3 29. Ra1 Bxb5 30. h4 Be2 31. Kf2 Bh5 32. Nxg6 Qb4 33. Ne7+ Kh8 34. g6 Qb2+ 35. Kg3 Rg8 36. g7+ Rxg7+ 37. fxg7+ Kxg7 38. Qg5+ Bg6 39. Nxf5+ Kf8 40. Qe7+ Kg8 41. Qe8# 1-0